Largest Cities that Contain the Letter W - Statistics

General Stats
  • This quiz has been taken 247 times
  • The average score is 12 of 24
Answer Stats
Population City % Correct
17,400,000 Moscow
98%
2,375,000 Warsaw
97%
23,000,000 New York
96%
4,325,000 Kuwait City
95%
8,750,000 Washington D.C.
94%
10,800,000 Wuhan
90%
4,375,000 Cape Town
82%
1,930,000 Freetown
75%
1,690,000 Glasgow
71%
1,500,000 Newcastle
55%
2,300,000 Katowice
53%
3,625,000 Rawalpindi
51%
3,900,000 Lucknow
43%
5,050,000 Wenzhou
42%
2,050,000 George Town
36%
2,525,000 Peshawar
32%
1,630,000 Gwangju
26%
1,540,000 Milwaukee
24%
2,975,000 Gujranwala
22%
2,975,000 Weifang
13%
1,670,000 Wuhu
13%
2,150,000 Vijayawada
11%
1,980,000 Bhubaneswar
6%
2,350,000 Yiwu
4%
No matching quizzes found
Score Distribution
Percent of People with Each Score
Percentile by Number Answered
Your Score History
You have not taken this quiz